[Event "Bayern 1-NRW 1"]
[Site "Gladenbach"]
[Date "2011.09.13"]
[Round "3.2"]
[White "Röder, Frank"]
[Black "Rotstein, Jefim"]
[Result "1/2-1/2"]
[WhiteElo "2104"]
[BlackElo "2263"]
[PlyCount "74"]
[EventDate "2011.??.??"]
[WhiteTeam "Bayern 1"]
[BlackTeam "NRW 1"]

1. e4 c5 2. c3 Nf6 3. e5 Nd5 4. d4 cxd4 5. cxd4 e6 6. Nc3 Nxc3 7. bxc3 d6 8. f4
dxe5 9. fxe5 Qh4+ 10. g3 Qe4+ 11. Kf2 Qxh1 12. Nf3 Bd7 13. Qe2 Ba4 14. Bb2 Nd7
15. Bg2 Qxa1 16. Bxa1 Be7 17. Nd2 Bc6 18. Bxc6 bxc6 19. Qa6 c5 20. Qb7 Rd8 21.
Nc4 cxd4 22. cxd4 f6 23. Na5 Rb8 24. Qxa7 fxe5 25. Nc6 Rf8+ 26. Ke2 Rb1 27. Bc3
exd4 28. Bxd4 Rff1 29. Qc7 Rbe1+ 30. Kd3 e5 31. Be3 Rf3 32. Qc8+ Kf7 33. Kd2
Rfxe3 34. Qxd7 R1e2+ 35. Kd1 Re1+ 36. Kd2 R1e2+ 37. Kd1 Re1+ 1/2-1/2

[Event "Bayern 1-NRW 1"]
[Site "Gladenbach"]
[Date "2011.09.13"]
[Round "3.3"]
[White "Rosen, Willy"]
[Black "Röder, Gerd"]
[Result "1-0"]
[WhiteElo "2222"]
[BlackElo "2095"]
[PlyCount "119"]
[EventDate "2011.??.??"]
[WhiteTeam "NRW 1"]
[BlackTeam "Bayern 1"]

1. e4 c6 2. d4 d5 3. e5 Bf5 4. Nc3 e6 5. g4 Bg6 6. Nge2 c5 7. h4 h6 8. Nf4 Bh7
9. dxc5 Nc6 10. Bd3 Bxc5 11. Bxh7 Rxh7 12. Nd3 Bd4 13. Qe2 Qc7 14. Kd1 a6 15.
f4 h5 16. f5 O-O-O 17. fxe6 fxe6 18. Bg5 Re8 19. gxh5 Bxe5 20. Nxe5 Qxe5 21.
Qd3 Nf6 22. Re1 Qd4 23. h6 Ng4 24. Qxd4 Nxd4 25. hxg7 Rxg7 26. Rf1 Nf5 27. Kd2
Nd6 28. Rae1 Kd7 29. Rf4 Nc4+ 30. Kc1 Nge5 31. b3 Ng6 32. bxc4 Nxf4 33. Bxf4
Rg4 34. Bg5 Rxc4 35. Nd1 e5 36. Ne3 Rc5 37. Ng4 d4 38. Nf6+ Ke7 39. Nxe8+ Kxe8
40. Bf4 Kf7 41. Rxe5 Rc3 42. Rd5 Rc4 43. Bg5 Ke6 44. Rd8 Kf5 45. Kd2 Ra4 46.
Rf8+ Kg4 47. Rf4+ Kh5 48. Bf6 Rxa2 49. Rxd4 b5 50. Rd5+ Kg6 51. Bc3 Ra4 52. h5+
Kh6 53. Bd4 b4 54. Be3+ Kg7 55. Rd7+ Kf6 56. h6 Ke6 57. Rb7 b3 58. Rxb3 a5 59.
Rb7 Rh4 60. Kd3 1-0

[Event "Bayern 1-NRW 1"]
[Site "Gladenbach"]
[Date "2011.09.13"]
[Round "3.4"]
[White "Oechslein, Rainer"]
[Black "Schippan, Bernhard"]
[Result "1-0"]
[WhiteElo "2110"]
[BlackElo "2212"]
[PlyCount "85"]
[EventDate "2011.??.??"]
[WhiteTeam "Bayern 1"]
[BlackTeam "NRW 1"]

1. Nf3 Nf6 2. d4 g6 3. c4 Bg7 4. Nc3 O-O 5. e4 d6 6. Be2 e5 7. dxe5 dxe5 8. Bg5
c6 9. Qxd8 Rxd8 10. Nxe5 Re8 11. O-O-O Nxe4 12. Nxe4 Bxe5 13. f4 Bg7 14. Bf3
Rf8 15. Be7 Re8 16. Nf6+ Bxf6 17. Bxf6 Be6 18. b3 Nd7 19. Bc3 Nb6 20. Rhe1 Rad8
21. Rxd8 Rxd8 22. Bf6 Re8 23. Kb2 Bd7 24. Rxe8+ Bxe8 25. a4 Nd7 26. Bc3 f5 27.
a5 a6 28. Bd4 Kf7 29. b4 Nf6 30. Bxf6 Kxf6 31. Kc3 Ke6 32. Kd4 Kd6 33. Be2 h6
34. h4 Bd7 35. h5 gxh5 36. Bxh5 c5+ 37. bxc5+ Ke6 38. Bf3 Bc6 39. Bd5+ Kf6 40.
g3 h5 41. Bg8 Kg7 42. Be6 Kf6 43. Bd5 1-0

[Event "Baden 1-Brandenburg"]
[Site "Gladenbach"]
[Date "2011.09.13"]
[Round "3.1"]
[White "Walter, Günter"]
[Black "Nekrasov, Michail"]
[Result "1/2-1/2"]
[WhiteElo "2185"]
[BlackElo "2280"]
[PlyCount "24"]
[EventDate "2011.??.??"]
[WhiteTeam "Brandenburg"]
[BlackTeam "Baden 1"]

1. e4 d5 2. exd5 Qxd5 3. Nc3 Qd6 4. g3 Nf6 5. Bg2 c6 6. d4 Bg4 7. Qd3 e5 8.
dxe5 Qxe5+ 9. Nge2 Bf5 10. Qd4 Nbd7 11. Bf4 Qc5 12. O-O-O O-O-O 1/2-1/2

[Event "Baden 1-Brandenburg"]
[Site "Gladenbach"]
[Date "2011.09.13"]
[Round "3.2"]
[White "Schulze, Ulrich"]
[Black "Grottke, Hans-Joachim"]
[Result "1-0"]
[WhiteElo "2210"]
[BlackElo "2178"]
[PlyCount "67"]
[EventDate "2011.??.??"]
[WhiteTeam "Baden 1"]
[BlackTeam "Brandenburg"]

1. d4 d5 2. Nf3 Nf6 3. c4 c6 4. Nc3 dxc4 5. a4 Bf5 6. e3 e6 7. Bxc4 Bb4 8. O-O
O-O 9. Qe2 Bg6 10. Ne5 Nbd7 11. Nxg6 hxg6 12. Rd1 Qa5 13. Na2 Bd6 14. e4 e5 15.
dxe5 Qxe5 16. f4 Bc5+ 17. Kf1 Qe7 18. b4 Bb6 19. a5 Bc7 20. e5 Nd5 21. Bxd5
cxd5 22. Nc3 Rac8 23. Nxd5 Qe6 24. Be3 Bb8 25. Qb5 Rfd8 26. Qxb7 g5 27. Rd2
gxf4 28. Bxf4 Kf8 29. Rad1 Qf5 30. Kg1 Rc2 31. Rxc2 Qxc2 32. Ne3 Qc7 33. Qd5
Ke8 34. Nf5 1-0

[Event "Baden 1-Brandenburg"]
[Site "Gladenbach"]
[Date "2011.09.13"]
[Round "3.3"]
[White "Tröger, Rainer"]
[Black "Biebinger, Gerhard"]
[Result "0-1"]
[WhiteElo "2060"]
[BlackElo "2195"]
[PlyCount "61"]
[EventDate "2011.??.??"]
[WhiteTeam "Brandenburg"]
[BlackTeam "Baden 1"]

1. Nf3 Nf6 2. g3 d5 3. d3 Bf5 4. Bg2 e6 5. Nbd2 h6 6. O-O Be7 7. b3 O-O 8. Bb2
a5 9. Nd4 Bh7 10. a4 Na6 11. e4 Nb4 12. e5 Nd7 13. f4 c5 14. Nb5 Nb8 15. Bh3
N8c6 16. Rc1 Na7 17. Nxa7 Rxa7 18. g4 Ra6 19. Qe2 Rc6 20. Bg2 Rc7 21. Kh1 Re8
22. Rf3 Qd7 23. c3 Nc6 24. Bh3 f6 25. Re1 Nd8 26. Rg1 Nf7 27. Re3 d4 28. g5
dxe3 29. gxf6 exd2 30. Rxg7+ Kh8 31. Qg4 0-1

[Event "Baden 1-Brandenburg"]
[Site "Gladenbach"]
[Date "2011.09.13"]
[Round "3.4"]
[White "Gierth, Hans-Joachim"]
[Black "Rödel, Egmar"]
[Result "1-0"]
[WhiteElo "2226"]
[BlackElo "1908"]
[PlyCount "75"]
[EventDate "2011.??.??"]
[WhiteTeam "Baden 1"]
[BlackTeam "Brandenburg"]

1. d4 d5 2. Bf4 Nc6 3. e3 Nf6 4. c4 e6 5. Nc3 Bd6 6. Bg3 O-O 7. Nf3 a6 8. Bd3
Nb4 9. Bb1 c5 10. dxc5 Bxc5 11. a3 Nc6 12. b4 Be7 13. c5 Ng4 14. h3 Nh6 15. O-O
Bf6 $11 16. Qb3 d4 17. Ne4 dxe3 18. Nxf6+ Qxf6 19. Qxe3 Nf5 20. Bxf5 exf5 21.
Bd6 Rd8 22. Rfe1 Be6 23. Rad1 Re8 24. Qf4 Rac8 25. Be5 Nxe5 26. Rxe5 Rcd8 27.
Rd6 Rxd6 28. cxd6 Rd8 29. Re1 g6 30. Rd1 Bb3 31. Rd2 h6 32. Qe3 Be6 33. Qb6 Rd7
34. Qc5 Qa1+ 35. Kh2 f6 36. Re2 Kf7 37. Nd4 Ba2 38. Qc8 1-0

[Event "NRW 2-Hamburg"]
[Site "Gladenbach"]
[Date "2011.09.13"]
[Round "3.1"]
[White "Hess, Christian"]
[Black "Bakhmatov, Eduard"]
[Result "*"]
[WhiteElo "2179"]
[BlackElo "2189"]
[PlyCount "55"]
[EventDate "2011.??.??"]
[WhiteTeam "Hamburg"]
[BlackTeam "NRW 2"]

1. Nf3 Nf6 2. c4 d6 3. d4 g6 4. Nc3 Bg7 5. Bg5 h6 6. Bh4 O-O 7. e3 c6 8. Be2
Nbd7 9. Qc2 e5 10. O-O Re8 11. Rfd1 Qc7 12. Rac1 Nf8 13. h3 Bf5 14. Qa4 Ne4 15.
Nxe4 Bxe4 16. dxe5 dxe5 17. Nd2 Bf5 18. c5 g5 19. Bg3 Ne6 20. Bg4 Bg6 21. Bxe6
Rxe6 22. e4 Rae8 23. Qc2 Qe7 24. b4 a5 25. a3 axb4 26. axb4 Rd8 27. Nb3 b5 28.
f3 {Rest nicht lesbar} *

[Event "NRW 2-Hamburg"]
[Site "Gladenbach"]
[Date "2011.09.13"]
[Round "3.2"]
[White "Maslak, Sulejman"]
[Black "Jacoby, Gisbert"]
[Result "1/2-1/2"]
[WhiteElo "2240"]
[BlackElo "2091"]
[PlyCount "70"]
[EventDate "2011.??.??"]
[WhiteTeam "NRW 2"]
[BlackTeam "Hamburg"]

1. c4 c5 2. Nc3 g6 3. g3 Bg7 4. Bg2 Nc6 5. e3 e6 6. Nge2 Nge7 7. O-O O-O 8. Ne4
d6 9. a3 b6 10. Rb1 d5 11. cxd5 exd5 12. N4c3 a5 13. Nf4 Ba6 14. Re1 d4 15.
exd4 Bxd4 16. b4 axb4 17. axb4 cxb4 18. Ncd5 Nxd5 19. Nxd5 Bd3 20. Nxb4 Nxb4
21. Rxb4 Qf6 22. Qf3 Rae8 23. Rd1 Qd6 24. Ba3 Be2 25. Rbb1 Bxf3 26. Bxd6 Bxd1
27. Rxd1 Re2 28. Bxf8 Rxf2 29. Kh1 Kxf8 30. Bd5 Ke7 31. d3 Kd6 32. Bc4 h5 33.
Rb1 Bc5 34. Rd1 Bd4 35. Rb1 Bc5 1/2-1/2

[Event "NRW 2-Hamburg"]
[Site "Gladenbach"]
[Date "2011.09.13"]
[Round "3.3"]
[White "Engelbert, Christoph"]
[Black "Bogorad, Michail"]
[Result "1/2-1/2"]
[WhiteElo "2090"]
[BlackElo "2026"]
[PlyCount "75"]
[EventDate "2011.??.??"]
[WhiteTeam "Hamburg"]
[BlackTeam "NRW 2"]

1. e4 c5 2. c3 e6 3. d4 b6 4. Nf3 Bb7 5. Bd3 d6 6. O-O Nd7 7. Re1 Be7 8. Nbd2
Qc7 9. a4 a6 10. Qe2 g5 11. Nf1 g4 12. Ng5 h6 13. Nxe6 fxe6 14. Qxg4 O-O-O 15.
Qxe6 Kb8 16. Ng3 Nf8 17. Qb3 Bg5 18. f4 Bh4 19. Be3 Nf6 20. Qc2 c4 21. Bf1 Bxg3
22. hxg3 Bxe4 23. Qe2 d5 24. b3 Bd3 25. Qb2 Bxf1 26. Rxf1 Ng4 27. Rae1 Re8 28.
Bd2 Rxe1 29. Rxe1 Kb7 30. bxc4 dxc4 31. Qb4 Nd7 32. Re6 Rh7 33. Qb1 Ndf6 34. d5
Rg7 35. Qf5 Rf7 36. Be3 h5 37. Bd4 Qd7 38. Qg6 1/2-1/2

[Event "NRW 2-Hamburg"]
[Site "Gladenbach"]
[Date "2011.09.13"]
[Round "3.4"]
[White "Groß, Werner"]
[Black "Horn, Peter"]
[Result "1-0"]
[WhiteElo "2095"]
[BlackElo "2096"]
[PlyCount "87"]
[EventDate "2011.??.??"]
[WhiteTeam "NRW 2"]
[BlackTeam "Hamburg"]

1. c4 Nf6 2. Nc3 c5 3. g3 d5 4. cxd5 Nxd5 5. Bg2 Nc7 6. Nf3 Nc6 7. d3 e5 8. O-O
Be7 9. a3 f6 10. Be3 O-O 11. Rc1 Ne6 12. Ne1 Ncd4 13. Nd5 Bd6 14. b4 Bd7 15. f4
exf4 16. gxf4 f5 17. bxc5 Bb8 18. Nb4 a5 19. Nbc2 Nb3 20. Bxb7 Ra7 21. c6 Nxc1
22. Qxc1 Rxb7 23. cxb7 Bc6 24. Nf3 Bxb7 25. Kf2 Rf6 26. Rg1 Rh6 27. Nce1 Qd5
28. h4 Bd6 29. Qb2 g6 30. Ng2 Nc5 31. Rb1 Nxd3+ 32. exd3 Qxf3+ 33. Ke1 Bd5 34.
Qf6 g5 35. Qxh6 Qg3+ 36. Bf2 Qxd3 37. Qxg5+ Kf7 38. Rd1 Qe4+ 39. Ne3 Bxf4 40.
Qh5+ Kf6 41. Rxd5 Bxe3 42. Qxf5+ Qxf5 43. Rxf5+ Kxf5 44. Bxe3 1-0

[Event "Niedersachsen 2-Sachsen"]
[Site "Gladenbach"]
[Date "2011.09.13"]
[Round "3.1"]
[White "Bodach, Hans"]
[Black "Hilburt, Leonid"]
[Result "1-0"]
[WhiteElo "2113"]
[BlackElo "1994"]
[PlyCount "93"]
[EventDate "2011.??.??"]
[WhiteTeam "Sachsen"]
[BlackTeam "Niedersachsen 2"]

1. e4 e5 2. Nf3 Nc6 3. Bb5 a6 4. Ba4 Nf6 5. O-O Be7 6. Re1 b5 7. Bb3 d6 8. c3
O-O 9. d4 Bg4 10. Be3 Na5 11. Bc2 Nc4 12. Bc1 Nd7 13. b3 Na5 14. h3 Bh5 15.
Nbd2 c5 16. Bb2 Rc8 17. g4 Bg6 18. d5 h5 19. Nf1 hxg4 20. hxg4 Bg5 21. Nxg5
Qxg5 22. Bc1 Qh4 23. Kg2 Qe7 24. Ng3 Nb7 25. Rh1 f6 26. Nf5 Qe8 27. Qf3 Kf7 28.
Bd2 Rg8 29. Rh3 Nf8 30. Rah1 Qd7 31. Rh8 Rxh8 32. Rxh8 Nh7 33. Rxc8 Qxc8 34.
Nh4 Nf8 35. g5 Qd8 36. Bd1 Kg8 37. Qg4 Qe7 38. Nxg6 Nxg6 39. gxf6 Qxf6 40. Bg5
Qf7 41. Qc8+ Kh7 42. Bg4 Nf4+ 43. Kf1 g6 44. Qd7 Qxd7 45. Bxd7 c4 46. b4 a5 47.
a3 1-0

[Event "Niedersachsen 2-Sachsen"]
[Site "Gladenbach"]
[Date "2011.09.13"]
[Round "3.2"]
[White "Rickers, Gerd"]
[Black "Weidlich, Günter"]
[Result "1/2-1/2"]
[WhiteElo "1902"]
[BlackElo "2110"]
[PlyCount "43"]
[EventDate "2011.??.??"]
[WhiteTeam "Niedersachsen 2"]
[BlackTeam "Sachsen"]

1. d4 g6 2. Nf3 Bg7 3. b3 Nf6 4. Bb2 O-O 5. e3 d6 6. Be2 b6 7. c4 Bb7 8. Nc3 c5
9. O-O Nbd7 10. Qc2 cxd4 11. Nxd4 a6 12. Bf3 Bxf3 13. Nxf3 Qc7 14. Rac1 Rac8
15. Qe2 e6 16. Rfd1 Rfd8 17. h3 Nc5 18. Ne1 Rd7 19. Nd3 Rcd8 20. Nxc5 bxc5 21.
Rc2 Qc6 22. Rcd2 1/2-1/2

[Event "Niedersachsen 2-Sachsen"]
[Site "Gladenbach"]
[Date "2011.09.13"]
[Round "3.3"]
[White "Lenk, Wolfgang"]
[Black "Davydov, Mihail"]
[Result "1/2-1/2"]
[WhiteElo "2071"]
[BlackElo "1891"]
[PlyCount "35"]
[EventDate "2011.??.??"]
[WhiteTeam "Sachsen"]
[BlackTeam "Niedersachsen 2"]

1. e4 d5 2. exd5 Qxd5 3. Nc3 Qa5 4. Nf3 Nf6 5. Bc4 Bf5 6. O-O e6 7. d4 c6 8.
Re1 Bb4 9. Bd2 O-O 10. a3 Bxc3 11. Bxc3 Qc7 12. Bb3 Nbd7 13. Ne5 Nxe5 14. dxe5
Ne4 15. Qf3 Nxc3 16. Qxc3 Rfd8 17. Rad1 h6 18. h3 1/2-1/2

[Event "Schleswig Holstein 1-Niedersachsen 1"]
[Site "Gladenbach"]
[Date "2011.09.13"]
[Round "3.1"]
[White "Clemens, Christian"]
[Black "Salov, Sergej"]
[Result "1/2-1/2"]
[WhiteElo "2241"]
[BlackElo "2221"]
[PlyCount "94"]
[EventDate "2011.??.??"]
[WhiteTeam "Niedersachsen 1"]
[BlackTeam "Schleswig Holstein 1"]

1. g3 e5 2. c4 Nf6 3. Bg2 d5 4. cxd5 Nxd5 5. Nf3 Nc6 6. O-O Be7 7. d4 e4 8. Ne5
Nxe5 9. dxe5 f5 10. exf6 Nxf6 11. Qb3 c6 12. Nc3 Qb6 13. Qxb6 axb6 14. Nxe4
Nxe4 15. Bxe4 Be6 16. Be3 Bf6 17. Rfd1 b5 18. Bd4 Bxd4 19. Rxd4 Rxa2 20. Rxa2
Bxa2 21. f4 Be6 22. Kf2 h6 23. Bg6+ Ke7 24. e4 Ra8 25. Ke3 c5 26. Rd2 b4 27. e5
b5 28. Be4 Rd8 29. Rxd8 Kxd8 30. f5 Bc4 31. g4 Ke7 32. h4 Bf1 33. Bc6 Bh3 34.
Kf4 Bf1 35. Ke3 Bh3 36. Bxb5 Bxg4 37. Ke4 Bh3 38. Be2 Bg2+ 39. Bf3 Bh3 40. Be2
Bg2+ 41. Ke3 Bh3 42. Kf4 Bg2 43. Bd3 Bd5 44. Ke3 Bg2 45. Be4 Bf1 46. Bd3 Bh3
47. Kf4 Bg2 1/2-1/2

[Event "Schleswig Holstein 1-Niedersachsen 1"]
[Site "Gladenbach"]
[Date "2011.09.13"]
[Round "3.2"]
[White "Neumann, Joachim"]
[Black "Dornieden, Manfred"]
[Result "0-1"]
[WhiteElo "2040"]
[BlackElo "2092"]
[PlyCount "64"]
[EventDate "2011.??.??"]
[WhiteTeam "Schleswig Holstein 1"]
[BlackTeam "Niedersachsen 1"]

1. e4 g6 2. d4 Bg7 3. Nc3 d6 4. f4 Nf6 5. Nf3 O-O 6. Bd3 c5 7. d5 e6 8. O-O
exd5 9. exd5 Na6 10. f5 c4 11. Bxc4 Bxf5 12. Be3 Nb4 13. Nd4 Ng4 14. Nxf5 gxf5
15. Bd4 Bxd4+ 16. Qxd4 Nxc2 17. Qf4 Nxa1 18. Bd3 Ne5 19. Bxf5 Qb6+ 20. Kh1 Ng6
21. Qd2 Rae8 22. Ne4 Rxe4 23. Bxe4 Nb3 24. axb3 Qxb3 25. h3 Qc4 26. Re1 Re8 27.
Bf3 Rxe1+ 28. Qxe1 Qf4 29. Qe8+ Kg7 30. Qd7 Qc1+ 31. Kh2 Qxb2 32. Kh1 Qb4 0-1

[Event "Schleswig Holstein 1-Niedersachsen 1"]
[Site "Gladenbach"]
[Date "2011.09.13"]
[Round "3.3"]
[White "Ljubarskij, Juri"]
[Black "Böttcher, Ulrich"]
[Result "1-0"]
[WhiteElo "2133"]
[BlackElo "2007"]
[PlyCount "77"]
[EventDate "2011.??.??"]
[WhiteTeam "Niedersachsen 1"]
[BlackTeam "Schleswig Holstein 1"]

1. e4 e6 2. d4 d5 3. Nd2 c5 4. exd5 exd5 5. Ngf3 Nf6 6. Be2 Nc6 7. O-O c4 8.
Re1 Be7 9. b3 cxb3 10. axb3 O-O 11. Bb2 Bf5 12. Nf1 a6 13. Ne3 Bg6 14. Ne5 Rc8
15. h4 h6 16. Nxg6 fxg6 17. Bd3 Ne4 18. f3 Bxh4 19. Re2 Ng3 20. Re1 Nf5 21.
Bxf5 gxf5 22. Re2 Bg3 23. Nf1 f4 24. Qd3 Qh4 25. Bc3 Rce8 26. Be1 Rxe2 27. Qxe2
Nxd4 28. Qd2 Bxe1 29. Rxe1 Rf5 30. Nh2 Rh5 31. Kf1 Qxh2 32. Qxd4 Qg3 33. Qg1
Kf7 34. Rd1 Re5 35. Qb6 Re7 36. Qd6 Qh4 37. Qxd5+ Kf8 38. Qd8+ Re8 39. Qxh4 1-0

[Event "Schleswig Holstein 1-Niedersachsen 1"]
[Site "Gladenbach"]
[Date "2011.09.13"]
[Round "3.4"]
[White "Gehrmann, Rudolf-Rainer"]
[Black "Adibekian, Roubik"]
[Result "1-0"]
[WhiteElo "1905"]
[BlackElo "2051"]
[PlyCount "37"]
[EventDate "2011.??.??"]
[WhiteTeam "Schleswig Holstein 1"]
[BlackTeam "Niedersachsen 1"]

1. c4 e5 2. Nc3 Nf6 3. g3 d5 4. cxd5 Nxd5 5. Bg2 Nb6 6. Nf3 Nc6 7. O-O Bg4 8.
d3 Qd7 9. a4 a5 10. Be3 f6 11. Bxb6 cxb6 12. Rc1 h5 13. Qb3 Nb4 14. Nb5 Nc6 15.
d4 exd4 16. Nfxd4 Bc5 17. Nxc6 bxc6 18. Rfd1 Qc8 19. Rxc5 1-0

[Event "Württemberg 1-Hessen 3"]
[Site "Gladenbach"]
[Date "2011.09.13"]
[Round "3.1"]
[White "Kripp, Wolfgang"]
[Black "Frick, Christoph"]
[Result "0-1"]
[WhiteElo "1963"]
[BlackElo "2205"]
[PlyCount "71"]
[EventDate "2011.??.??"]
[WhiteTeam "Hessen 3"]
[BlackTeam "Württemberg 1"]

1. e4 c6 2. d4 d5 3. f3 e6 4. Be3 Qb6 5. Nd2 Qxb2 6. Bd3 Qa3 7. Ne2 c5 8. c3
Nc6 9. Qb3 c4 10. Qxa3 Bxa3 11. Bc2 b5 12. Rb1 a6 13. O-O Nge7 14. e5 Bd7 15.
f4 Nf5 16. Bf2 h5 17. h3 h4 18. Nf3 Nce7 19. Kh2 O-O-O 20. Ne1 Kc7 21. Bd1 Nc6
22. Nc2 Be7 23. Ne3 g6 24. Bc2 Rb8 25. Nxf5 gxf5 26. Be1 b4 27. cxb4 Nxb4 28.
Bxb4 Bxb4 29. Rf3 Be7 30. Rxb8 Rxb8 31. Nc3 Rb2 32. Bxf5 exf5 33. Nxd5+ Kd8 34.
Nc3 Bb4 35. d5 Rc2 36. Nd1 0-1

[Event "Württemberg 1-Hessen 3"]
[Site "Gladenbach"]
[Date "2011.09.13"]
[Round "3.2"]
[White "Rädeker, Bernd"]
[Black "Orwatsch, Gerhard"]
[Result "1-0"]
[WhiteElo "2096"]
[BlackElo "1991"]
[PlyCount "55"]
[EventDate "2011.??.??"]
[WhiteTeam "Württemberg 1"]
[BlackTeam "Hessen 3"]

1. d4 g6 2. c4 Bg7 3. e4 d6 4. Nc3 Nc6 5. Be3 e5 6. d5 Nd4 7. Nge2 Bg4 8. Qd2
Nxe2 9. Bxe2 Bxe2 10. Qxe2 Qd7 11. f3 f5 12. c5 Bh6 13. Bxh6 Nxh6 14. O-O-O Nf7
15. cxd6 cxd6 16. Kb1 Rb8 17. exf5 Qxf5+ 18. Ne4 O-O 19. Qe3 Ra8 20. h4 Kg7 21.
Rc1 Rfc8 22. Rxc8 Qxc8 23. h5 Qc4 24. hxg6 hxg6 25. Nxd6 Qxd5 26. Ne4 b6 27.
Rh7+ Kf8 28. Qa3+ 1-0

[Event "Württemberg 1-Hessen 3"]
[Site "Gladenbach"]
[Date "2011.09.13"]
[Round "3.3"]
[White "Biller, Helmut"]
[Black "Rapp, Uwe"]
[Result "1/2-1/2"]
[WhiteElo "1973"]
[BlackElo "2080"]
[PlyCount "52"]
[EventDate "2011.??.??"]
[WhiteTeam "Hessen 3"]
[BlackTeam "Württemberg 1"]

1. d4 d5 2. Nf3 e6 3. e3 c5 4. b3 Nf6 5. Bd3 Bd6 6. Bb2 O-O 7. Nbd2 Nc6 8. O-O
b6 9. Ne5 Bb7 10. f4 Nb4 11. Be2 Ne4 12. a3 Nc6 13. Nxe4 dxe4 14. Nxc6 Bxc6 15.
dxc5 Bxc5 16. Qc1 a5 17. Rd1 Qe7 18. Bd4 Rfd8 19. Qb2 f5 20. Qc3 Bxd4 21. Rxd4
Bd5 22. Qb2 Qc7 23. Rad1 Rac8 24. c4 Bb7 25. Qd2 Rxd4 26. Qxd4 Bc6 1/2-1/2

[Event "Württemberg 1-Hessen 3"]
[Site "Gladenbach"]
[Date "2011.09.13"]
[Round "3.4"]
[White "Weisenburger, Horst"]
[Black "Falk, Thomas"]
[Result "1/2-1/2"]
[WhiteElo "2063"]
[BlackElo "1982"]
[PlyCount "41"]
[EventDate "2011.??.??"]
[WhiteTeam "Württemberg 1"]
[BlackTeam "Hessen 3"]

1. g3 d5 2. f4 c6 3. Bg2 g6 4. Nf3 Bg7 5. d3 Qb6 6. Nc3 Bg4 7. e3 Nd7 8. h3
Bxf3 9. Qxf3 e6 10. O-O Ne7 11. Ne2 O-O 12. Kh1 e5 13. e4 f5 14. exd5 Nxd5 15.
Qf2 Qxf2 16. Rxf2 N7b6 17. a4 Nb4 18. Nc3 Rad8 19. Be3 Rfe8 20. Bc5 Na6 21. Be3
1/2-1/2

[Event "Sachsen Anhalt 1-Bayern 2"]
[Site "Gladenbach"]
[Date "2011.09.13"]
[Round "3.1"]
[White "Fischer, Gerd"]
[Black "Liebert, Heinz"]
[Result "1/2-1/2"]
[WhiteElo "2039"]
[BlackElo "2163"]
[PlyCount "41"]
[EventDate "2011.??.??"]
[WhiteTeam "Bayern 2"]
[BlackTeam "Sachsen Anhalt 1"]

1. e4 c5 2. Nf3 Nc6 3. d4 cxd4 4. Nxd4 g6 5. Be3 Bg7 6. c4 Nf6 7. Nc3 d6 8. Be2
O-O 9. O-O Qa5 10. Nb3 Qd8 11. Rc1 b6 12. f3 Bb7 13. Rf2 Rc8 14. Bf1 Nd7 15.
Rd2 Qe8 16. Qe1 Nc5 17. Nd4 Nxd4 18. Bxd4 Bxd4+ 19. Rxd4 Na4 20. b3 Nxc3 21.
Rxc3 1/2-1/2

[Event "Sachsen Anhalt 1-Bayern 2"]
[Site "Gladenbach"]
[Date "2011.09.13"]
[Round "3.2"]
[White "Neukirch, Detlef"]
[Black "Hein, Manfred"]
[Result "1/2-1/2"]
[WhiteElo "2144"]
[BlackElo "1916"]
[PlyCount "36"]
[EventDate "2011.??.??"]
[WhiteTeam "Sachsen Anhalt 1"]
[BlackTeam "Bayern 2"]

1. e4 Nf6 2. e5 Nd5 3. d4 d6 4. c4 Nb6 5. exd6 exd6 6. Nc3 c6 7. Bd3 d5 8. c5
N6d7 9. Rb1 Be7 10. Nf3 O-O 11. O-O Re8 12. Bf4 Nf8 13. h3 Ng6 14. Bg3 Nd7 15.
b4 b5 16. a4 a6 17. Ne5 Ndxe5 18. dxe5 Bh4 1/2-1/2

[Event "Sachsen Anhalt 1-Bayern 2"]
[Site "Gladenbach"]
[Date "2011.09.13"]
[Round "3.3"]
[White "Anliker, Peter"]
[Black "Csulits, Anton"]
[Result "0-1"]
[WhiteElo "1868"]
[BlackElo "2051"]
[PlyCount "43"]
[EventDate "2011.??.??"]
[WhiteTeam "Bayern 2"]
[BlackTeam "Sachsen Anhalt 1"]

1. d4 Nf6 2. Nf3 g6 3. c4 Bg7 4. Nc3 O-O 5. e4 d6 6. Be2 Bg4 7. O-O Nfd7 8. d5
Bxc3 9. bxc3 Nc5 10. Ne1 Bc8 11. Bh6 Re8 12. f3 e5 13. Nd3 Nbd7 14. Qd2 Nxd3
15. Bxd3 Nc5 16. Bg5 f6 17. Be3 f5 18. a4 Nb3 19. Qc2 Nxa1 20. Rxa1 f4 21. Bf2
b6 22. a5 0-1

[Event "Sachsen Anhalt 1-Bayern 2"]
[Site "Gladenbach"]
[Date "2011.09.13"]
[Round "3.4"]
[White "Werchan, Hans"]
[Black "Ganslmayer, Herbert"]
[Result "1-0"]
[WhiteElo "2019"]
[BlackElo "1678"]
[PlyCount "213"]
[EventDate "2011.??.??"]
[WhiteTeam "Sachsen Anhalt 1"]
[BlackTeam "Bayern 2"]

1. Nf3 Nf6 2. c4 c5 3. d4 g6 4. Nc3 b6 5. e4 cxd4 6. Nxd4 Bb7 7. f3 Nc6 8. Be3
Bg7 9. Qd2 Nxd4 10. Bxd4 O-O 11. Be2 d6 12. O-O Qd7 13. Rac1 h5 14. Rfd1 Rfd8
15. Be3 Rac8 16. b3 Kh7 17. Bf1 Bc6 18. a4 Qb7 19. Bg5 Ng8 20. Nd5 Rd7 21. g3
e6 22. Bh3 f5 23. exf5 exf5 24. Bg2 Bxd5 25. Qxd5 Qxd5 26. Rxd5 Rc5 27. Rcd1
Rxd5 28. Rxd5 Nf6 29. Rd3 Ne8 30. Be3 Re7 31. Kf2 Bf6 32. f4 Rc7 33. Bd2 Bb2
34. Bb4 a5 35. Bd2 Ba3 36. Be3 Bc5 37. Bf3 Kg7 38. Bd4+ Kf7 39. Bd5+ Kf8 40.
Bxc5 bxc5 41. Bf3 Re7 42. h3 Rc7 43. g4 hxg4 44. hxg4 fxg4 45. Bxg4 Nf6 46. Bf3
Rd7 47. Kg3 Kg7 48. Kh4 Rd8 49. Kg3 Ng8 50. Re3 Kf6 51. Bd5 Nh6 52. Re6+ Kf5
53. Re7 g5 54. fxg5 Kxg5 55. Ra7 Nf5+ 56. Kf2 Nd4 57. Rxa5 Rf8+ 58. Ke3 Nxb3
59. Ra6 Nd4 60. a5 Nb3 61. Ra7 Re8+ 62. Kd3 Rb8 63. a6 Nc1+ 64. Kc2 Na2 65.
Rg7+ Kf6 66. Rf7+ Kg6 67. a7 Nb4+ 68. Kd2 Rh8 69. Rb7 Rh2+ 70. Kd1 Ra2 71. Rxb4
Rxa7 72. Rb6 Rd7 73. Kd2 Kf6 74. Kd3 Ke5 75. Rb8 Kf4 76. Rf8+ Ke5 77. Re8+ Kf4
78. Re6 Rd8 79. Kc3 Rh8 80. Rxd6 Rh3+ 81. Kd2 Rh2+ 82. Kc3 Rh3+ 83. Kb2 Ke5 84.
Re6+ Kd4 85. Re2 Rg3 86. Rd2+ Ke3 87. Kc2 Rg1 88. Rd3+ Kf4 89. Kd2 Ra1 90. Ke2
Ra2+ 91. Rd2 Ra3 92. Kf2 Rh3 93. Re2 Ra3 94. Re4+ Kf5 95. Re3 Ra2+ 96. Kg3 Ra7
97. Be6+ Kf6 98. Kf4 Ra1 99. Bd5 Rf1+ 100. Bf3 Rf2 101. Ra3 Rd2 102. Ra6+ Ke7
103. Ke5 Rd4 104. Ra7+ Kd8 105. Bd5 Rh4 106. Kd6 Rh6+ 107. Be6 1-0

[Event "Hessen 2-Mecklenburg VP 1"]
[Site "Gladenbach"]
[Date "2011.09.13"]
[Round "3.1"]
[White "Wiemer, Jürgen"]
[Black "Isserman, Ryhor"]
[Result "0-1"]
[WhiteElo "1972"]
[BlackElo "2251"]
[PlyCount "92"]
[EventDate "2011.??.??"]
[WhiteTeam "Mecklenburg VP 1"]
[BlackTeam "Hessen 2"]

1. e4 g6 2. d4 Bg7 3. Nc3 d6 4. Be3 Nf6 5. f3 a6 6. a3 b5 7. Bd3 Nbd7 8. Nge2
O-O 9. Ng3 c5 10. O-O Ng4 11. fxg4 cxd4 12. Bd2 dxc3 13. Bxc3 Qb6+ 14. Kh1 Bxc3
15. bxc3 Ne5 16. h3 Qe3 17. Kh2 Bd7 18. Re1 Qc5 19. Qd2 Rfc8 20. Ne2 Qf2 21.
Qf4 Qxf4+ 22. Nxf4 e6 23. Ne2 Kf8 24. Kg3 Ke7 25. Kf2 Nc4 26. Reb1 Nb6 27. Ke3
Rc5 28. Rb4 Rac8 29. Rb3 Na4 30. Kd2 e5 31. g5 Be6 32. Rb4 d5 33. Rxa4 bxa4 34.
Bxa6 Rd8 35. Rb1 Rd6 36. Bb7 dxe4+ 37. Ke3 Bc4 38. Bxe4 Bxe2 39. Kxe2 Rxc3 40.
Rb7+ Rd7 41. Rb4 Rxa3 42. Bc6 Ra7 43. Be4 Rc3 44. Kd2 a3 45. Bd5 Rg3 46. Rb1
Rd7 0-1

[Event "Hessen 2-Mecklenburg VP 1"]
[Site "Gladenbach"]
[Date "2011.09.13"]
[Round "3.2"]
[White "Zunker, Reinhard"]
[Black "Jabbusch, Burkhard"]
[Result "1-0"]
[WhiteElo "2019"]
[BlackElo "1879"]
[PlyCount "45"]
[EventDate "2011.??.??"]
[WhiteTeam "Hessen 2"]
[BlackTeam "Mecklenburg VP 1"]

1. e4 c5 2. Nf3 d6 3. h3 Nc6 4. Bb5 Bd7 5. Nc3 a6 6. Bxc6 Bxc6 7. d4 cxd4 8.
Nxd4 Rc8 9. O-O g6 10. Be3 Bg7 11. Qd2 Nf6 12. Nxc6 Rxc6 13. Bh6 O-O 14. Bxg7
Kxg7 15. Rfe1 Qb6 16. Rab1 Rfc8 17. Re3 Qa5 18. Rbe1 Qb4 19. Qc1 e6 20. a3 Qb6
21. e5 dxe5 22. Rxe5 Rc5 23. Na4 1-0